000 00859cam a22002534a 4500
001 14693802
005 20180227055230.0
008 070111s2007 moua b 001 0 eng
010 _a 2007920609
020 _a9781416023500
020 _a141602350X
040 _aDLC
_cDLC
_dDLC
041 _aeng
080 _a616.740754 HEL
082 0 0 _a616.740754 HEL
_222
100 1 _a6.
101 _aANA
245 1 0 _aDaniels and Worthingham's muscle testing :
_cHelen J. Hislop, Jacqueline Montgomery.
246 3 0 _aMuscle testing
504 _aIncludes bibliographical references and index.
906 _a7
_bcbc
_corignew
_d2
_eepcn
_f20
_gy-gencatlg
942 _2ddc
_cBK
999 _c43588
_d43588